[Event "Madrid Chamartin op 6th"]
[Site "Madrid"]
[Date "2017.09.07"]
[Round "5"]
[White "Sanchez Lucena, Juan"]
[Black "Gallego Romero, Manuel"]
[Result "0-1"]
[WhiteElo "1449"]
[BlackElo "1475"]
[PlyCount "74"]
[EventDate "2017.09.04"]
[EventType "swiss"]
[EventRounds "9"]
[EventCountry "ESP"]
[SourceTitle "CBM 180 Extra"]
[Source "ChessBase"]
[SourceDate "2017.10.06"]
[SourceVersion "1"]
[SourceVersionDate "2017.10.06"]
[SourceQuality "1"]

1. d4 d5 2. Nf3 c6 3. e3 e6 4. a3 Nf6 5. c4 Bd6 6. b4 0-0 7. Bb2 Nbd7 8. Nc3 Re8 9. cxd5 exd5 10. Ne2 Ne4 11. Ng3 Ndf6 12. Be2 Bc7 13. Bd3 Bg4 14. Rc1 h6 15. Be2 Qb8 16. Nxe4 Nxe4 17. g3 Bh3 18. Bf1 Bxf1 19. Kxf1 Qc8 20. Ke2 Qg4 21. Rc2 Ng5 22. Kd3 Qxf3 23. Re2 Qf5+ 24. Kd2 Ne4+ 25. Ke1 Qf3 26. Rf1 a5 27. Qb3 axb4 28. axb4 Nd6 29. Rc2 Nc4 30. Bc1 Ra3 31. Qb1 Rd3 32. Re2 Rxd4 33. Qc2 Rde4 34. Qd3 Ne5 35. Qa3 Rxb4 36. Bd2 Rb1+ 37. Bc1 Rxc1+ 0-1

[Event "Madrid-ch Seniors"]
[Site "Madrid"]
[Date "2016.01.27"]
[Round "5"]
[White "Sanchez Lucena, Juan"]
[Black "Carcasona Beltran, Jose Maria"]
[Result "1-0"]
[WhiteElo "1440"]
[BlackElo "1126"]
[PlyCount "59"]
[EventDate "2016.01.22"]
[EventType "swiss"]
[EventRounds "7"]
[EventCountry "ESP"]
[SourceTitle "EXT 2017"]
[Source "ChessBase"]
[SourceDate "2016.10.25"]
[SourceVersion "1"]
[SourceVersionDate "2016.10.25"]
[SourceQuality "1"]

1. d4 d5 2. Nf3 Nf6 3. Bg5 Nc6 4. e3 e6 5. c4 h6 6. Bh4 Bb4+ 7. Nbd2 0-0 8. cxd5 exd5 9. Bd3 Bxd2+ 10. Qxd2 Qd6 11. Bg3 Qe7 12. a3 Re8 13. 0-0 Bg4 14. Ne5 Nxe5 15. Bxe5 c5 16. Rfe1 Ne4 17. Qc2 b6 18. f3 Rac8 19. Qe2 f6 20. Bf4 g5 21. Bb5 gxf4 22. Bxe8 Qxe8 23. fxg4 Qg6 24. Rac1 Kg7 25. exf4 Rh8 26. dxc5 h5 27. g5 f5 28. cxb6 Qxb6+ 29. Qe3 Qxb2 30. Qxa7+ 1-0

[Event "Madrid-ch Seniors"]
[Site "Madrid"]
[Date "2016.01.26"]
[Round "4"]
[White "Sanchez Lucena, Juan"]
[Black "Rodriguez Bachiller, Luis"]
[Result "0-1"]
[WhiteElo "1440"]
[BlackElo "1660"]
[PlyCount "108"]
[EventDate "2016.01.22"]
[EventType "swiss"]
[EventRounds "7"]
[EventCountry "ESP"]
[SourceTitle "EXT 2017"]
[Source "ChessBase"]
[SourceDate "2016.10.25"]
[SourceVersion "1"]
[SourceVersionDate "2016.10.25"]
[SourceQuality "1"]

1. d4 Nf6 2. Bg5 e6 3. c4 Be7 4. Nf3 0-0 5. e3 d6 6. Bd3 Nbd7 7. 0-0 c5 8. Qc2 h6 9. Bh4 d5 10. cxd5 Nxd5 11. Bxe7 Qxe7 12. a3 a6 13. Nbd2 Rb8 14. Rac1 b6 15. Nc4 a5 16. Nce5 Bb7 17. Nxd7 Qxd7 18. Ne5 Qd6 19. Qd2 cxd4 20. exd4 Rfc8 21. Rfe1 Rxc1 22. Rxc1 Qd8 23. Rd1 Rc8 24. Re1 Nf6 25. h3 Qd5 26. Nf3 Rd8 27. Re5 Qd6 28. Re3 Bxf3 29. Rxf3 Qxd4 30. Qe2 Qc5 31. Bc2 Kf8 32. Rc3 Qd6 33. Rd3 Nd5 34. Qf3 Rc8 35. Rd2 Qc7 36. g3 Qe5 37. Qd1 Qg5 38. Kg2 Qe5 39. Bb1 Qb8 40. Kh2 Rc5 41. Ba2 Qb7 42. b4 axb4 43. axb4 Rb5 44. Rd4 Ke7 45. Qd2 Qc6 46. Bc4 Rxb4 47. Bxd5 Rxd4 48. Qxd4 exd5 49. Qxg7 Qf6 50. Qg4 Qxf2+ 51. Kh1 Qe1+ 52. Kh2 Qe4 53. Qd1 d4 54. h4 d3 0-1

[Event "Madrid-ch Seniors"]
[Site "Madrid"]
[Date "2016.01.25"]
[Round "3"]
[White "Poblador Dieguez, Alfredo"]
[Black "Sanchez Lucena, Juan"]
[Result "1-0"]
[WhiteElo "1593"]
[BlackElo "1440"]
[PlyCount "98"]
[EventDate "2016.01.22"]
[EventType "swiss"]
[EventRounds "7"]
[EventCountry "ESP"]
[SourceTitle "EXT 2017"]
[Source "ChessBase"]
[SourceDate "2016.10.25"]
[SourceVersion "1"]
[SourceVersionDate "2016.10.25"]
[SourceQuality "1"]

1. d4 e5 2. dxe5 Nc6 3. Nf3 Qe7 4. a3 Nxe5 5. Nxe5 Qxe5 6. e3 Nf6 7. Bd3 g6 8. c4 b6 9. Nd2 Bb7 10. Nf3 Qd6 11. b4 Bg7 12. Bb2 Qe7 13. 0-0 0-0 14. Qc2 Bxf3 15. gxf3 d6 16. Kh1 Rad8 17. Rg1 Nh5 18. Bxg7 Nxg7 19. Be4 c5 20. b5 Rd7 21. a4 Ne6 22. a5 Qf6 23. f4 Ng7 24. axb6 axb6 25. Ra6 Rb8 26. Rga1 Kf8 27. Ra7 Rxa7 28. Rxa7 Ne6 29. Qd3 Nd8 30. Rd7 d5 31. Bxd5 Qf5 32. Be4 Qe6 33. Rxd8+ Rxd8 34. Qxd8+ Kg7 35. Qd5 Qe7 36. Qe5+ Qxe5 37. fxe5 Kf8 38. f4 Ke7 39. Bd5 h6 40. Kg2 f6 41. exf6+ Kxf6 42. Kg3 g5 43. fxg5+ hxg5 44. h4 gxh4+ 45. Kxh4 Kf5 46. Kg3 Ke5 47. Kg4 Kd6 48. Kf5 Ke7 49. e4 Ke8 1-0

[Event "Madrid-ch Seniors"]
[Site "Madrid"]
[Date "2016.01.15"]
[Round "5"]
[White "Folgar Lopez, Angel"]
[Black "Sanchez Lucena, Juan"]
[Result "0-1"]
[WhiteElo "1550"]
[BlackElo "1440"]
[PlyCount "104"]
[EventDate "2016.01.11"]
[EventType "swiss"]
[EventRounds "9"]
[EventCountry "ESP"]
[SourceTitle "EXT 2017"]
[Source "ChessBase"]
[SourceDate "2016.10.25"]
[SourceVersion "1"]
[SourceVersionDate "2016.10.25"]
[SourceQuality "1"]

1. d4 d5 2. Nf3 Nf6 3. Bf4 e6 4. e3 c5 5. h3 a6 6. c3 Qb6 7. Qb3 Qd8 8. Qd1 Nc6 9. Bd3 c4 10. Bc2 Ne7 11. Nbd2 Ng6 12. Bh2 Be7 13. 0-0 b5 14. Rc1 Bd7 15. a3 a5 16. Re1 b4 17. axb4 axb4 18. e4 b3 19. Bb1 Bc6 20. e5 Ng8 21. Nf1 Nh4 22. Ng3 g6 23. Nf1 Bg5 24. Nxg5 Qxg5 25. Bg3 Nh6 26. Qd2 Qxd2 27. Nxd2 N4f5 28. Bf4 Ng8 29. Bxf5 gxf5 30. Re3 Ne7 31. Bg5 Ng6 32. Bf6 Rg8 33. Rg3 Kf8 34. Nf3 Nf4 35. Rxg8+ Kxg8 36. Rd1 Nd3 37. Be7 Ra2 38. Ba3 Nxb2 39. Bxb2 Rxb2 40. Ra1 Ra2 41. Rb1 Rc2 42. Ne1 Rxc3 43. Rb2 Kg7 44. Kf1 Ba4 45. Ke2 Rc2+ 46. Nxc2 bxc2 47. Kd2 c3+ 48. Kc1 cxb2+ 49. Kxb2 f6 50. f4 fxe5 51. fxe5 Kg6 52. g3 Kg5 0-1